书目信息 |
| 题名: |
践行初衷
|
|
| 作者: | 李克东 著 | |
| 分册: | ||
| 出版信息: | 北京 人民出版社 2018 |
|
| 页数: | 493页 | |
| 开本: | 26cm | |
| 丛书名: | ||
| 单 册: | ||
| 中图分类: | G40-057 | |
| 科图分类: | ||
| 主题词: | 教育技术学--jiao yu ji shu xue | |
| 电子资源: | ||
| ISBN: | 978-7-01-019340-3 | |
| 000 | 01185nam0 2200253 45 | |
| 001 | 012001004203 | |
| 005 | 20140102152522.0 | |
| 010 | @a978-7-01-019340-3@dCNY80.00 | |
| 099 | @aCAL 012018091749 | |
| 100 | @a20180718d2018 em y0chiy50 ea | |
| 101 | 0 | @achi |
| 102 | @aCN@b110000 | |
| 105 | @aaf z 000yy | |
| 106 | @ar | |
| 200 | 1 | @a践行初衷@Ajian xing chu zhong@e技术变革教育的思与行@f李克东著 |
| 210 | @a北京@c人民出版社@d2018 | |
| 215 | @a493页@c图@d26cm | |
| 330 | @a本书是2018年“第22届全球华人计算机教育应用大会(GCCCE2018)”主办方华南师范大学的科研展示成果之一,是李克东教授教育技术研究的多年研究成果,分为理论和方法探索、教学改革与创新实践和学科建设等三个方面。主要涉及:教育技术学科研究的任务和方法论,多媒体组合教学设计的理论与实践,计算机辅助教育的理论与实践,网络时代的数字化学习,网络环境下的教学模式和教学设计的理论与实践研究,信息技术促进中小学教学变革研究,高校数字化资源建设与课程教学改革实践等内容。 | |
| 517 | 1 | @a技术变革教育的思与行@Aji shu bian ge jiao yu de si yu xing |
| 606 | 0 | @a教育技术学@Ajiao yu ji shu xue |
| 690 | @aG40-057@v5 | |
| 701 | 0 | @a李克东@Ali ke dong@4著 |
| 801 | @b江苏凤凰@c20191020 | |
| 905 | @b1238171-6@dG40-057@e1052@f6 | |
| 践行初衷:技术变革教育的思与行/李克东著.-北京:人民出版社,2018 |
| 493页:图;26cm |
| ISBN 978-7-01-019340-3:CNY80.00 |
| 本书是2018年“第22届全球华人计算机教育应用大会(GCCCE2018)”主办方华南师范大学的科研展示成果之一,是李克东教授教育技术研究的多年研究成果,分为理论和方法探索、教学改革与创新实践和学科建设等三个方面。主要涉及:教育技术学科研究的任务和方法论,多媒体组合教学设计的理论与实践,计算机辅助教育的理论与实践,网络时代的数字化学习,网络环境下的教学模式和教学设计的理论与实践研究,信息技术促进中小学教学变革研究,高校数字化资源建设与课程教学改革实践等内容。 |
| ● |
| 相关链接 |
|
|
|
|
正题名:践行初衷
索取号:G40-057/1052
 
预约/预借
| 序号 | 登录号 | 条形码 | 馆藏地/架位号 | 状态 | 备注 |
| 1 | 1238171 | 212381714 | 第一样本阅览室/ [索取号:G40-057/1052] | 在馆 | |
| 2 | 1238172 | 212381723 | 教育系资料室/ [索取号:G40-057/1052] | 在馆 | |
| 3 | 1238173 | 212381732 | 教育系资料室/ [索取号:G40-057/1052] | 在馆 | |
| 4 | 1238174 | 212381741 | 第四借阅区/ [索取号:G40-057/1052] | 在馆 | |
| 5 | 1238175 | 212381750 | 第四借阅区/ [索取号:G40-057/1052] | 在馆 | |
| 6 | 1238176 | 212381769 | 第四借阅区/ [索取号:G40-057/1052] | 在馆 |